Óptica / Eugene Hecht (Registro nro. 27809)
[ vista simple ]
| 000 -LÍDER | |
|---|---|
| fixed length control field | 00458nam a2200169 4500 |
| 020 ## - NÚMERO INTERNACIONAL NORMALIZADO PARA LIBROS | |
| ISBN | 978-84-7829-025-3 |
| 050 ## - SIGNATURA TOPOGRAFICA DE LA BIBLIOTECA DEL CONGRESO (LC) | |
| Número de Clasificación | QC355.2 H4218 2000 |
| 082 ## - NUMERO DE CLASIFICACION DECIMAL DEWEY | |
| Número de Clasificación | 532.2 H748o 2000 |
| 100 ## - ASIENTO PRINCIPAL--NOMBRE PERSONAL | |
| Nombre personal | Hecht, Eugene |
| 245 ## - TÍTULO | |
| Título | Óptica / Eugene Hecht |
| 250 ## - MENCIÓN DE EDICIÓN | |
| Mención de edición | 3 |
| 260 ## - PUBLICACIÓN, DISTRIBUCIÓN, ETC. (PIE DE IMPRENTA) | |
| Lugar de publicación, distribución, etc. | España Madrid: Pearson Educación |
| 300 ## - DESCRIPCIÓN FÍSICA | |
| Extensión | x, 708 p. / 24 cm. |
| 500 ## - NOTA GENERAL | |
| Nota general | Incluye: ap‚ndice, tablas |
| 650 ## - ASIENTO SECUNDARIO DE MATERIA - TERMINO TEMÁTICO | |
| Término temático o nombre geográfico como elemento de entrada | 1. ÓPTICA / 2. FÍSICA |
| 700 ## - ASIENTO SECUNDARIO - NOMBRE PERSONAL | |
| Nombre personal | I. Col, Raffaello, Dal. Tr. |
| No. biblioteca | No. biblioteca | Número de clasificación | Código de barras/Número de adquisición | Número de copia | Tipo de material |
|---|---|---|---|---|---|
| ÁREA DE SISTEMAS COMPUTACIONALES | LUIS G. INCLAN | 532.2 H748o 2000 | 52806 | 5 | Libros |
| ÁREA DE SISTEMAS COMPUTACIONALES | ÁREA DE SISTEMAS COMPUTACIONALES | 532.2 H748o 2000 | 52802 | 1 | Libros |
| ÁREA DE SISTEMAS COMPUTACIONALES | ÁREA DE SISTEMAS COMPUTACIONALES | 532.2 H748o 2000 | 52803 | 2 | Libros |
| ÁREA DE SISTEMAS COMPUTACIONALES | ÁREA DE SISTEMAS COMPUTACIONALES | 532.2 H748o 2000 | 52804 | 3 | Libros |
| ÁREA DE SISTEMAS COMPUTACIONALES | ÁREA DE SISTEMAS COMPUTACIONALES | 532.2 H748o 2000 | 52805 | 4 | Libros |
